000 00781nam a2200193 a 4500
008 071025s2000 ||||||||||||||||| || u
020 _a082134773X
050 _aIBRD(06)ESD/2000/1
100 _aHillel, Daniel
245 1 0 _aSalinity management for sustainable irrigation: integrating science, environment, and economics
_cDaniel Hillel
260 _aWashington, D.C.
_bWorld Bank
_c2000
300 _avi, 92p.: ill.
350 _a0.00
490 _aEnvironmentally and Socially Sustainable Development
650 _aIRRIGATION--ECONOMIC ASPECTS
650 _aIRRIGATION--MANAGEMENT
650 _aENVIRONMENT
995 _D0.00
_FCBU-MAIN LIBRARY (Kitwe)
_H1
_I0.00
_M1
_UAVAILABLE
_WOct 25, 2007
_ZInternational Publications
999 _c56941
_d56941